Country Names - Wordsearch (Sudden Death) - Statistics

General Stats
  • This quiz has been taken 445 times
  • The average score is 17 of 39
Answers on the Grid
Answers color-coded by a green-red scale on the quiz's grid according to % correct below.
R
N
F
O
Y
P
S
O
A
L
Y
W
B
S
A
L
E
D
E
T
T
D
J
H
I
I
E
K
C
F
T
N
R
A
I
I
R
A
N
G
A
C
L
N
M
H
C
D
S
W
T
H
U
L
A
M
I
C
V
W
N
L
R
T
U
I
E
O
A
S
D
G
B
N
Q
M
C
U
B
A
F
J
K
L
T
U
O
R
O
A
W
Y
G
Z
R
D
O
P
I
A
 
Answer Stats
Answer % Correct
L
64%
A
63%
S
62%
I
61%
Q
59%
T
58%
A
57%
R
57%
I
55%
N
52%
C
51%
D
51%
E
51%
E
51%
H
51%
W
51%
L
50%
Y
50%
E
49%
A
48%
I
48%
T
48%
T
47%
A
46%
H
46%
I
46%
A
40%
R
40%
N
39%
U
35%
A
33%
C
33%
O
32%
B
31%
R
13%
A
12%
G
11%
O
11%
O
11%
No matching quizzes found
Score Distribution
Percent of People with Each Score
Percentile by Number Answered
Your Score History
You have not taken this quiz